000 00357nam a2200109Ia 4500
008 171211s9999 xx 000 0 und d
245 _aAdvanced Penetration Testing for Highly-Secured Environments, Second Edition
245 _cKevin Cardwell and Lee Allen
260 _c2016
650 _xSOFTWARE
856 _uhttp://down.ebook777.com/062/9781784395810.pdf
999 _c349351
_d349351